Building maintenance management (Record no. 106146)

MARC details
000 -LEADER
fixed length control field 01805cam a22002895a 4500
001 - CONTROL NUMBER
control field L135678
008 - FIXED-LENGTH DATA ELEMENTS--GENERAL INFORMATION
fixed length control field 080703s2007 xxk adf 001 0 eng d
020 ## - INTERNATIONAL STANDARD BOOK NUMBER
International Standard Book Number 9781405135061
035 ## - SYSTEM CONTROL NUMBER
System control number (Sirsi) u135678
041 0# - LANGUAGE CODE
Language code of text/sound track or separate title eng
100 ## - MAIN ENTRY--PERSONAL NAME
Personal name Chanter, Barrie
245 00 - TITLE STATEMENT
Title Building maintenance management
Medium [electronic resource]
250 ## - EDITION STATEMENT
Edition statement 2nd ed.
260 ## - PUBLICATION, DISTRIBUTION, ETC.
Place of publication, distribution, etc. Oxford
Name of publisher, distributor, etc. Blackwell
Date of publication, distribution, etc. 2007
300 ## - PHYSICAL DESCRIPTION
Extent eBook
350 ## - PRICE (NR) (BK AM CF MU VM SE) [OBSOLETE]
Price 34.50
505 2# - FORMATTED CONTENTS NOTE
Formatted contents note The changing context within which building maintenance operates -- The maintenance dimension -- Maintenance organisations -- The design/maintenance relationship -- The nature of maintenance work -- Information management -- Maintenance planning -- Maintenance contracts -- The execution of building maintenance
520 ## - SUMMARY, ETC.
Summary, etc. This eBook provides a complete profile of the many aspects of property maintenance. This updated edition incorporates changes in line with current legislation, contractual forms, statistics and government policy and guidelines. Contains sections on outsourcing, maintenance planning, benchmarking and performance evaluation techniques (Key Performance Indicators, Best value). Analyses current trends in procurement routes (including partnering and the growth of Private Finance Initiative) and the implications on maintenance. Covers maintenance organisations, aspects of health and safety as well as information technology. Presents in appendix basic principles of statistic and methods of financial appraisal. Has several charts and diagrams.
521 20 - TARGET AUDIENCE NOTE
Target audience note Advanced
590 ## - LOCAL NOTE (RLIN)
Local note KA
650 ## - SUBJECT ADDED ENTRY--TOPICAL TERM
Topical term or geographic name entry element EBOOK
651 #4 - SUBJECT ADDED ENTRY--GEOGRAPHIC NAME
Geographic name United Kingdom
Chronological subdivision
690 ## - LOCAL SUBJECT ADDED ENTRY--TOPICAL TERM (OCLC, RLIN)
Topical term or geographic name as entry element Refurbishment
9 (RLIN) 6264
700 1# - ADDED ENTRY--PERSONAL NAME
Personal name Swallow, Peter
856 48 - ELECTRONIC LOCATION AND ACCESS
Uniform Resource Identifier <a href="https://www.vlebooks.com/">https://www.vlebooks.com/</a>
Public note View on VLEbooks. Logins for members only from [email protected]
942 ## - ADDED ENTRY ELEMENTS (KOHA)
Suppress in OPAC 0
Holdings
Withdrawn status Lost status Damaged status Not for loan Home library Current library Shelving location Date acquired Cost, normal purchase price Total Checkouts Full call number Barcode Date last seen Date last checked out Copy number Cost, replacement price Price effective from Koha item type Source of classification or shelving scheme
  Missing from bundle     London London Books 13/05/2008 34.50 9 658.202 CHA 30074377 06/08/2019 31/03/2010 1 34.50 06/08/2019 Book  
        Virtual Virtual Online 05/02/2010 44.71   EBOOK 135678-2001 06/08/2019   1 44.71 06/08/2019 Book Dewey Decimal Classification